000
00273nam a2200121 a 4500
008
110613s1981|||| d
100
1
_a
Hanzdo, Ivan
245
1
0
_a
Naozaj na zdravie?
260
_b
Smena
_a
Bratislava
_c
1981
020
_c
8
041
_a
slo
044
_a
xo
_c
SK
999
_c
19758
_d
19758